Ανωνυμία στο διαδίκτυο : πτυχιακή εργασία

Επέλεξα να γράψω για αυτό το θέμα σε μία περίοδο που υπάρχει μεγάλος αναβρασμός όσον αφορά το διαδίκτυο και γύρω από αυτό. Βλέποντας τα θέματα των συζητήσεων να κυμαίνονται γύρω από την ιδιωτικότητα, την ανωνυμία και το πόσο ελευθερία μπορεί να υπάρξει στην κοινωνία της πληροφορίας για την αποτύπωση...

Πλήρης περιγραφή

Αποθηκεύτηκε σε:
Λεπτομέρειες βιβλιογραφικής εγγραφής
Κύριος συγγραφέας: Πάικος, Χρήστος
Συγγραφή απο Οργανισμό/Αρχή: Πανεπιστήμιο Αιγαίου. Σχολή Θετικών Επιστημών. Τμήμα Μηχανικών Πληροφοριακών και Επικοινωνιακών Συστημάτων
Άλλοι συγγραφείς: Μήτρου, Λίλιαν (dgsf)
Μορφή: Thesis Βιβλίο
Γλώσσα:Greek
Δημοσίευση: [2012].
Θέματα:
Διαθέσιμο Online:http://hdl.handle.net/11610/8681
Ετικέτες: Προσθήκη ετικέτας
Δεν υπάρχουν, Καταχωρήστε ετικέτα πρώτοι!

MARC

LEADER 00000cam a2200000 i 4500
001 1/31517
008 130611q2012 gr | ||| |||| ||gre||
035 |l 10114750 
040 |a GR-MyUA  |b gre  |e AACR2 
041 0 |a gre 
082 0 |a 343.0999  |2 (22) 
100 1 |a Πάικος, Χρήστος. 
245 1 0 |a Ανωνυμία στο διαδίκτυο :   |b πτυχιακή εργασία /   |c Χρήστος Πάικος ; επιβλέπουσα καθηγήτρια Λίλιαν Μήτρου.  
260 |c [2012].  
300 |a 98 σ. :   |b εικ. ;   |c 30 εκ.  
502 |a Πτυχιακή εργασία – Πανεπιστήμιο Αιγαίου, Σάμος, 2012.  
504 |a Βιβλιογραφία: σ. 92-98.  
506 0 |a Διάθεση πλήρους κειμένου - Ελεύθερη πρόσβαση.  
520 |a Επέλεξα να γράψω για αυτό το θέμα σε μία περίοδο που υπάρχει μεγάλος αναβρασμός όσον αφορά το διαδίκτυο και γύρω από αυτό. Βλέποντας τα θέματα των συζητήσεων να κυμαίνονται γύρω από την ιδιωτικότητα, την ανωνυμία και το πόσο ελευθερία μπορεί να υπάρξει στην κοινωνία της πληροφορίας για την αποτύπωση ιδεών και την έκφραση σκέψεων.Στο πρώτο κεφάλαιο θα προσπαθήσω να κάνω μία μικρή αναδρομική αναφορά, όσον αφορά την ανωνυμία από τα παλιά χρόνια, περνώντας στην εποχή του τύπου, του ραδιοφώνου, και της τηλεόρασης και την ανάλυση των εννοιών «ανωνυμία, ιδιωτικό απόρρητο». Στο δεύτερο κεφάλαιο θα εξετάσουμε την ανωνυμία στο διαδίκτυο, το δικαίωμα της ανωνυμίας στην κοινωνία της πληροφορίας. Θα αναφέρω σε γενικές γραμμές κάποιες συνέπειες και ζητήματα της ανωνυμίας στο διαδίκτυο. Στο τρίτο κεφάλαιο αναφέρομαι στην ιδιωτικότητα και συγκεκριμένα στη κοινωνία της πληροφορίας και το διαδίκτυο. Σε αυτό το κεφάλαιο επίσης παραθέτω και τα άρθρα για την ελευθερία της έκφρασης που συνδέονται με το διαδίκτυο.Στο τέταρτο κεφάλαιο ασχολήθηκα με τα ιστολόγια γιατί θεώρησα ότι θα έπρεπε να αναφερθούν μιας και έχει τεθεί μεγάλο θέμα με την ανωνυμία στα ιστολόγια και από την στιγμή που ένα μεγάλο ποσοστό του πληθυσμού η καθημερινή τους ενημέρωση γίνεται από αυτά. Τη σχέση της με την ελευθερία της έκφρασης και τα ανθρώπινα δικαιώματα στη σύγχρονη εποχή που διανύουμε, μία εποχή που κατακλύζεται από την ψηφιακή ενημέρωση. Την εποχή της εύκολης πρόσβασης σε τεράστιο μέγεθος πληροφορίας ,την εποχή του διαδικτύου. Στο πέμπτο κεφάλαιο θα αναφερθούμε στη λογοκρισία που υπάρχει στο διαδίκτυο. Από την στιγμή που έχει γίνει ένα τεράστιο θέμα η ανωνυμία και η ελευθερία της έκφρασης στο διαδίκτυο και υπήρξαν υποστηρικτές για τον περιορισμό αυτών καταλαβαίνουμε ότι και η λογοκρισία σχετίζεται με την ανωνυμία στο διαδίκτυο. Τέλος, θα αναφερθούμε σε κάποια νομοσχέδια που είχαν ως αρχικό σκοπό την αντιμετώπιση του φαινομένου της πειρατείας, ωστόσο περιλαμβάνονταν διατάξεις που θεωρείται ότι προωθούν την λογοκρισία και εμποδίζουν την καινοτομία. 
610 2 0 |a University of the Aegean  |x Dissertations. 
650 0 0 |a Privacy, Right of. 
650 0 0 |a Dissertations, Academic  |z Greece. 
700 1 |a Μήτρου, Λίλιαν,  |e dgsf 
710 2 |a Πανεπιστήμιο Αιγαίου.   |b Σχολή Θετικών Επιστημών.   |b Τμήμα Μηχανικών Πληροφοριακών και Επικοινωνιακών Συστημάτων. 
852 |a INST  |b SAMOS  |c DIATR  |e 20130611  |h 343.0999 ΠΑΙ  |p 005300040204  |q 005300040204  |t DIE  |y 23 
852 |a INST  |b SAMOS  |c DIATR  |e 20130611  |h 343.0999 ΠΑΙ  |p 005300040205  |q 005300040205  |t DIE  |y 23 
856 |u http://hdl.handle.net/11610/8681 
901 |a BIBL3-2013-2 
909 |a Σ  |b 178441 
909 |a Σ  |b 178442 
924 |a ΠΑΙΚΟΣ  |b ΧΡΗΣΤΟΣ  |y Σάμος  |z 2012-09 
970 |a ΚΟΣΙΕΡΗΣ  |b ΧΡΗΣΤΟΣ  |z 2013/06/11